Central Library OPAC University of Rajshahi

সমাজদর্শনের ভূুমিকা / (Record no. 74644)

MARC details
000 -LEADER
fixed length control field 00836nam a22002177a 4500
001 - CONTROL NUMBER
control field 74644
003 - CONTROL NUMBER IDENTIFIER
rucl marc code BD-RjUL
005 - DATE AND TIME OF LATEST TRANSACTION
control field 20211209082601.0
008 - FIXED-LENGTH DATA ELEMENTS--GENERAL INFORMATION
fixed length control field 181112s1986 bg ||||| |||| 00| 0 eng d
035 ## - SYSTEM CONTROL NUMBER
System control number (BD-RjUL)74862
040 ## - CATALOGING SOURCE
Original cataloging agency BD-RjUL
Language of cataloging ben
Transcribing agency BD-RjUL
041 ## - LANGUAGE CODE
Language code of text/sound track or separate title ben
082 ## - DEWEY DECIMAL CLASSIFICATION NUMBER
Edition number 23
Classification number 300.1
Author mark and year ALS 1986
100 ## - MAIN ENTRY--PERSONAL NAME
Personal name আলম, রশীদুল
9 (RLIN) 224819
245 ## - TITLE STATEMENT
Title সমাজদর্শনের ভূুমিকা /
Statement of responsibility, etc. রশীদুল আলম
260 ## - PUBLICATION, DISTRIBUTION, ETC. (IMPRINT)
Place of publication, distribution, etc. বগুড়া :
Name of publisher, distributor, etc. নতুন সাহিত্য কুটির,
Date of publication, distribution, etc. ১৯৮৬
300 ## - PHYSICAL DESCRIPTION
Pagination বিভিন্ন রকম পৃষ্ঠা ;
Size ১৯ সেমি.
650 ## - SUBJECT ADDED ENTRY--TOPICAL TERM
Topical term or geographic name as entry element সামাজিক বিজ্ঞান
General subdivision দর্শনশাস্ত্র
9 (RLIN) 224820
Topical term or geographic name as entry element Social sciences
General subdivision Philosophy
9 (RLIN) 224821
942 ## - ADDED ENTRY ELEMENTS (KOHA)
Source of classification or shelving scheme Dewey Decimal Classification
Koha item type Books
Holdings
Lost status Source of classification or shelving scheme Damaged status Not for loan Collection code Permanent Location Current Location Shelving location Date acquired Source of acquisition Total Checkouts Full call number Date last seen Copy number Koha item type
  Dewey Decimal Classification   Not For Loan Non-fiction Central Library, University of Rajshahi Central Library, University of Rajshahi Reading Room 02/09/1987 Author   B 300.1 ALS 1986 12/11/2018 C-1 Books